| 000 | 00800nam a2200229Ia 4500 | ||
|---|---|---|---|
| 008 | 130821s2004 mx a gr spa | ||
| 020 | _a9707291427 | ||
| 040 |
_aCo-BoUCM _bspa |
||
| 041 | 0 | 0 | _aspa |
| 060 | 0 | 0 | _aQY 450 |
| 100 | 1 |
_aFarías Martínez, Guillermo _9166672 |
|
| 245 | 1 | 0 |
_aGasometría; equilibrio ácido-base en la clínica _cGuillermo Farías Martínez ; edición responsable Alfredo R. Boyd Filós |
| 250 | _a2a ed. | ||
| 260 |
_aMéxico D.F. (México) _bManual Moderno _c2004 |
||
| 300 |
_aix, 126 páginas _bgráficas |
||
| 504 | _aIncluye índice. | ||
| 650 | 0 | 4 |
_aDesequilibrio acido-base _913024 |
| 650 | 0 | 4 |
_aGases sanguíneos _916277 |
| 650 | 0 | 4 |
_aHematología _9222 |
| 700 | 1 |
_aBoyd Filós, Alfredo R. _eed. _9166673 |
|
| 942 |
_cLIBRO _a15 _e2 _mF224g _2NLM _hQY 450 _n0 |
||
| 999 |
_c66275 _d66275 |
||